Teoría de la literatura de los formalistas rusos

Saved in:
Bibliografiske detaljer
Main Authors: Todorov, Tzvetan (Author), Jakobson, Roman (Author), Tinianov, J (Author), Eichenbaum, Boris (Author), Brik, O (Author), Shklovski, V (Author), Vinogradov, V. V (Author), Tomashevski, B (Author), Propp, V (Author)
Format: Bog
Sprog:spansk
Udgivet: Cuernavaca Siglo Veintiuno Editores 1999
Udgivelse:1a. ed
Fag:
Tags: Tilføj Tag
Ingen Tags, Vær først til at tagge denne postø!

MARC

LEADER 00000cam a2200000 a 4500
001 UCE5716
003 CL-VaPUC
008 150305e19990000mx |||||||||||||||||spa|d
020 |a 9682302447 
082 0 4 |a 891.709  |b TOD  |2 21 
100 0 |a Todorov, Tzvetan  |e author  |9 578386 
700 |a Jakobson, Roman  |e author  |9 322276 
700 0 |a Tinianov, J  |e author  |9 578387 
700 0 |a Eichenbaum, Boris  |e author  |9 578388 
700 0 |a Brik, O  |e author  |9 578389 
700 0 |a Shklovski, V  |e author  |9 578390 
700 0 |a Vinogradov, V. V  |e author  |9 578391 
700 0 |a Tomashevski, B  |e author  |9 578392 
700 0 |a Propp, V  |e author  |9 578393 
245 1 0 |a Teoría de la literatura de los formalistas rusos 
250 |a 1a. ed 
300 |a 235 p 
942 |c BK 
945 |d 20150305 12:52:00  |a dcastane 
260 |a Cuernavaca  |b Siglo Veintiuno Editores  |c 1999 
650 7 |a FORMALISMO RUSO  |2 CL-VaPUC  |9 434090 
650 0 |a Literatura rusa  |9 318370 
650 0 |a Crítica literaria   |9 269189 
650 0 |a Historia de la literatura  |9 322206 
583 |a last modification  |c 20150305 12:52:00  |k Rodrigo Vera 
999 |c 358344  |d 358342 
952 |0 0  |1 0  |3 erb  |4 0  |6 891_709000000000000_TOD_1999  |7 0  |8 A  |9 466982  |a BIBEDU  |b BIBEDU  |i 5138167  |o 891.709 TOD 1999  |p 5138167  |r 2019-11-23  |w 2019-11-23  |y BK  |z Catalogado en:20150305  |k LIT